[Event "5th ch-EURw"]
[Site "Dresden GER"]
[Date "2004.03.21"]
[Round "1"]
[White "Hamelink,D"]
[Black "Peng Zhaoqin"]
[Result "0-1"]
[WhiteElo "2185"]
[BlackElo "2419"]

1.e4 c5 2.Nf3 d6 3.Bb5+ Nd7 4.O-O a6 5.Bxd7+ Bxd7 6.Nc3 Nf6 7.d4 cxd4 8.Nxd4 e6
9.Kh1 Be7 10.f4 Qc7 11.Qe2 O-O 12.e5 Ne8 13.Bd2 g6 14.Rae1 Ng7 15.exd6 Qxd6
16.Qf2 Bc6 17.Nxc6 Qxc6 18.Qf3 Qxf3 19.Rxf3 Rfd8 20.Be3 Rac8 21.Rf2 Bb4 22.Bd2 Nf5
23.g4 Bc5 24.Rg2 Nh4 25.Rge2 Nf3 26.Rd1 Nd4 27.Rg2 Nxc2 28.Rc1 Ne3 29.Bxe3 Bxe3
30.Rf1 Rc4 31.f5 exf5 32.gxf5 Rf4 33.Rxf4 Bxf4 34.Rf2 Be5 35.fxg6 hxg6 36.Ne4 Rd4
37.Re2 Kg7 38.Nc5 Rd1+ 39.Kg2 Rd5 40.Nxb7 Rb5 41.b4 Rxb7 42.Rxe5 Rxb4 43.Ra5 Rb6
44.Kg3 Rc6 45.Kf3 Kh6 46.Kg3 f5 47.Ra4 Kg5 48.Ra5 Kf6 49.Kf3 Re6 50.Kg3 Ke7
51.Kf4 Kf6 52.Kg3 g5 53.Kf3 Kg6 54.Kg3 Rf6 55.Rc5 Kh5 56.Ra5 f4+ 57.Kf3 Re6
58.Ra3 Kh4 59.Ra5 Rf6 60.Kf2 Kg4 61.Ra3 Rh6 62.Kg2 Rd6 63.Kg1 Kh4 64.Ra4 Re6
65.Kg2 Re2+ 66.Kf3 Rxh2 67.Rxa6 Rh3+ 68.Kg2 Re3 69.Rh6+ Kg4 70.a4 Ra3 71.Ra6 Ra2+
72.Kf1 Kg3  0-1

[Event "5th ch-EURw"]
[Site "Dresden GER"]
[Date "2004.03.21"]
[Round "1"]
[White "Zimina,O"]
[Black "Jiretorn,E"]
[Result "1-0"]
[WhiteElo "2408"]
[BlackElo "2154"]

1.e4 c5 2.Nf3 d6 3.Bb5+ Bd7 4.Bxd7+ Qxd7 5.c4 Nc6 6.d4 cxd4 7.Nxd4 Nf6 8.Nc3 g6
9.f3 Bg7 10.Nde2 O-O 11.O-O Rac8 12.Kh1 h6 13.Be3 Rfd8 14.Rc1 b6 15.b3 e6
16.Qd2 Kh7 17.Rfd1 Qb7 18.Nd4 Nxd4 19.Bxd4 Rd7 20.Qf2 Rcd8 21.Rc2 Ne8 22.Rcd2 Qc6
23.Bxg7 Nxg7 24.Rd3 Ne8 25.f4 Nf6 26.Qf3 a6 27.a4 Qc5 28.h3 Qb4 29.f5 exf5
30.exf5 g5 31.Ne4 Nxe4 32.Qxe4 f6 33.Qe6 Kg7 34.Qe2 Kh7 35.Re3 Rg7 36.Re7 Rd7
37.Rxd7 Rxd7 38.Qe6 Rg7 39.Qxf6 g4 40.hxg4 Rxg4 41.Qe7+ Rg7 42.f6 Rxe7 43.fxe7 Qxb3
44.Re1 Qxc4 45.e8=Q Qh4+ 46.Kg1 Qd4+ 47.Qe3 Qxa4 48.Qe7+ Kg6 49.Qxd6+  1-0

[Event "4NCL"]
[Site "West Bromwich ENG"]
[Date "2004.03.21"]
[Round "6"]
[White "Shaw,J"]
[Black "Collinson,A"]
[Result "1/2-1/2"]
[WhiteElo "2465"]
[BlackElo "2391"]

1.e4 c5 2.Nf3 d6 3.Bb5+ Nc6 4.O-O Bd7 5.Re1 Nf6 6.h3 g6 7.c3 Ne5 8.Bxd7+ Nfxd7
9.d4 Nxf3+ 10.Qxf3 Bg7 11.e5 dxe5 12.dxe5 Nxe5 13.Qxb7 O-O 14.Bg5 Qb6 15.Qxb6 axb6
16.b3 Ra7 17.a4 c4 18.bxc4 Nxc4 19.Rxe7 Rxe7 20.Bxe7 Re8 21.Na3 Bxc3 22.Rc1 Nb2
23.Rxc3 Rxe7 24.Rb3 Nxa4 25.Rb4 Ra7 26.Nc4 Kg7  1/2-1/2

[Event "14th Asian Cities"]
[Site "Tagaytay City PHI"]
[Date "2004.03.22"]
[Round "2"]
[White "Mari Arul,S"]
[Black "To Quoc Khanh"]
[Result "1-0"]
[WhiteElo "2322"]
[BlackElo "2302"]

1.e4 c5 2.Nf3 d6 3.Bb5+ Bd7 4.Bxd7+ Qxd7 5.O-O g6 6.c3 Bg7 7.d4 Nf6 8.Qe2 O-O
9.e5 Nd5 10.dxc5 dxc5 11.c4 Nb6 12.Rd1 Qe6 13.b3 Nc6 14.Bb2 f6 15.Re1 fxe5
16.Nxe5 Rad8 17.Na3 Bxe5 18.Bxe5 Nxe5 19.Qxe5 Qxe5 20.Rxe5 Rd2 21.f3 Nc8
22.Nb5 Rf4 23.Ree1 Rf8 24.Nc3 Rfd8 25.Ne4 Rb2 26.Red1 Rxd1+ 27.Rxd1 Nd6 28.Nxd6 exd6
29.Rxd6 Rxa2 30.Rd8+ Kf7 31.Rd7+ Ke6 32.Rxb7 a5 33.Rxh7 Ke5 34.Rd7 Kf4 35.Rd3 Rb2
36.g3+ Kf5 37.Rd5+ Kf6 38.Rxc5  1-0

[Event "5th ch-EURw"]
[Site "Dresden GER"]
[Date "2004.03.23"]
[Round "3"]
[White "Levushkina,E"]
[Black "Jiretorn,E"]
[Result "1-0"]
[WhiteElo "2303"]
[BlackElo "2154"]

1.e4 c5 2.Nf3 d6 3.Bb5+ Bd7 4.Bxd7+ Qxd7 5.O-O Nc6 6.c3 Nf6 7.Qe2 e6 8.d4 cxd4
9.cxd4 Be7 10.Nc3 O-O 11.Bg5 h6 12.Bxf6 Bxf6 13.d5 Ne7 14.dxe6 Qxe6 15.Nb5 Rfc8
16.Rad1 Be5 17.b3 Ng6 18.Nfd4 Nf4 19.Qf3 Qf6 20.g3 Nh3+ 21.Kg2 Ng5 22.Qxf6 Bxf6
23.Nxd6 Rd8 24.N4f5 Rd7 25.f4 Ne6 26.Ne8 Bd4 27.Nexg7 Nc5 28.Nxd4 Kxg7 29.b4 Rad8
30.Nf5+ Kg6 31.Rxd7 Nxd7 32.Rd1 h5 33.Rd6+ Kh7 34.Ne3 Kg7 35.Nd5  1-0

[Event "5th ch-EURw"]
[Site "Dresden GER"]
[Date "2004.03.24"]
[Round "4"]
[White "Bashkite,V"]
[Black "Papadopoulou,V"]
[Result "1/2-1/2"]
[WhiteElo "2131"]
[BlackElo "2247"]

1.e4 c5 2.Nf3 d6 3.Bb5+ Bd7 4.Bxd7+ Qxd7 5.O-O Nf6 6.Nc3 g6 7.d4 cxd4 8.Nxd4 Bg7
9.Re1 O-O 10.Nd5 Nc6 11.Nxf6+ Bxf6 12.Nxc6 Qxc6 13.c3 Qb6 14.Qb3 Qxb3 15.axb3 a6  1/2-1/2

[Event "5th ch-EURw"]
[Site "Dresden GER"]
[Date "2004.03.25"]
[Round "5"]
[White "Levushkina,E"]
[Black "Lauterbach,I"]
[Result "0-1"]
[WhiteElo "2303"]
[BlackElo "2171"]

1.e4 c5 2.Nf3 d6 3.Bb5+ Bd7 4.Bxd7+ Qxd7 5.O-O Nc6 6.c3 Nf6 7.d4 Nxe4 8.d5 Ne5
9.Re1 Nxf3+ 10.Qxf3 Nf6 11.c4 e5 12.dxe6 fxe6 13.Bh6 O-O-O 14.Nc3 Ne8 15.Bf4 Be7
16.Qe3 Nc7 17.Rad1 Qc6 18.Nb5 Nxb5 19.cxb5 Qd7 20.b4 b6 21.bxc5 bxc5 22.Qe4 d5
23.Qa4 Bd6 24.Bxd6 Qxd6 25.Qxa7 Rhe8 26.Rc1 c4 27.a4 Re7 28.Qe3 Kb8 29.Qd2 Rc8
30.Red1 Rd7 31.Qa2 c3 32.Rd3 d4 33.a5 Qd5 34.Qc2 Rc5 35.a6 Rxb5 36.Qa4 e5
37.f3 Qb3 38.Qxb3 Rxb3 39.Kf1 Ka7 40.f4 Rf7 41.g3 Rb4 42.Ke2 e4 43.Rdd1 Rb2+
44.Kf1 Rxh2 45.Kg1 Rd2  0-1

[Event "5th ch-EURw"]
[Site "Dresden GER"]
[Date "2004.03.25"]
[Round "5"]
[White "Stepovaia Dianchenko,T"]
[Black "Peptan,C"]
[Result "0-1"]
[WhiteElo "2374"]
[BlackElo "2439"]

1.e4 c5 2.Nf3 d6 3.Bb5+ Nd7 4.d4 cxd4 5.Qxd4 Nf6 6.O-O e5 7.Qd3 Be7 8.Bg5 O-O
9.Bxd7 Nxd7 10.Bxe7 Qxe7 11.Nc3 Nc5 12.Nd5 Qd7 13.Qe3 b6 14.b4 Ne6 15.Nh4 Bb7
16.Rad1 Bxd5 17.Rxd5 Nf4 18.Rd2 Rac8 19.g3 Qh3 20.f3 g6 21.Rc1 Rfd8 22.c4 Ne6
23.Ng2 Nd4 24.Rxd4 exd4 25.Qxd4 Qh6 26.Ne3 Qg7 27.Qd2 b5 28.cxb5 Rxc1+ 29.Qxc1 Qd4
30.Kg2 Qxb4 31.Qc7 Rf8 32.Nd5 Qb2+ 33.Kh3 Qxb5 34.Qc3 Rb8 35.Nf6+ Kf8 36.Nxh7+ Ke7
37.Qf6+ Ke8 38.Ng5 Qd7+ 39.Kh4 Qe7 40.Qh8+ Qf8 41.Qc3 Kd7 42.Qc4 Qh8+ 43.Kg4 f5+
44.Kf4 Qe5+ 45.Ke3 Qc5+ 46.Qxc5 dxc5 47.exf5 gxf5 48.h4 Rb2 49.a4 Ke7 50.g4 Rb4
51.gxf5 Rxa4 52.Ne4 Ra3+ 53.Ke2 c4 54.h5 Ra5 55.f6+ Kf8 56.h6 Rh5 57.Ke3 Rxh6
58.Kd4 Rh3 59.f4 Rf3 60.Kxc4 Rxf4 61.Kd5 a5 62.Ke5 Rh4 63.Nc5 a4 64.Ke6 Rf4
65.Ke5 Rb4 66.Ne6+ Ke8 67.Nc7+ Kf7  0-1

[Event "5th ch-EURw"]
[Site "Dresden GER"]
[Date "2004.03.25"]
[Round "5"]
[White "Djingarova,E"]
[Black "Dzagnidze,N"]
[Result "0-1"]
[WhiteElo "2344"]
[BlackElo "2459"]

1.e4 c5 2.Nf3 d6 3.Bb5+ Nd7 4.d4 cxd4 5.Qxd4 Nf6 6.Bg5 a6 7.Bxd7+ Bxd7 8.O-O h6
9.Bxf6 gxf6 10.Nc3 e6 11.Rfe1 Be7 12.Rad1 Rc8 13.Qe3 h5 14.Qf4 b5 15.a3 a5
16.Rd2 Rc4 17.Qg3 Kf8 18.Nd4 b4 19.axb4 axb4 20.Nd5 exd5 21.exd5 f5 22.Qe3 Rc5
23.Nb3 Rb5 24.Qf3 Bf6 25.Nd4 Bxd4 26.Rxd4 Qg5 27.Rc4 Kg7 28.Rc7 Re8 29.Ra1 Ra5
30.Rb1 Re7 31.h3 f4 32.Rc4 Rxd5 33.Rxb4 Rc5 34.Rb6 Bf5 35.h4 Qxh4 36.Rxd6 Rxc2
37.Rf1 Be4 38.Qd1 Qg4 39.Qd4+ Kh7  0-1

[Event "14th Asian Cities"]
[Site "Tagaytay City PHI"]
[Date "2004.03.26"]
[Round "8"]
[White "Mari Arul,S"]
[Black "Nolte,R"]
[Result "1/2-1/2"]
[WhiteElo "2322"]
[BlackElo "2389"]

1.e4 c5 2.Nf3 d6 3.Bb5+ Bd7 4.Bxd7+ Qxd7 5.O-O Nc6 6.c3 Nf6 7.d4 Nxe4 8.d5 Ne5
9.Re1 Nxf3+ 10.Qxf3 Nf6 11.c4 e5 12.dxe6 fxe6 13.Bg5 Be7 14.Nc3 h6 15.Bh4 O-O
16.Qh3 Kf7 17.Rad1 Rad8 18.Qf3 Kg8 19.Qe2 Kf7 20.Qf3 Kg8 21.Qe2 Kf7 22.Qf3  1/2-1/2

[Event "Bundesliga 2003-4"]
[Site "Baden Oos GER"]
[Date "2004.03.27"]
[Round "12"]
[White "Heinatz,T"]
[Black "Scholz,C"]
[Result "0-1"]
[WhiteElo "2332"]
[BlackElo "2392"]

1.e4 c5 2.Nf3 d6 3.Bb5+ Nd7 4.c3 Nf6 5.Qe2 a6 6.Ba4 e5 7.O-O b5 8.Bc2 Be7
9.d4 O-O 10.a4 Bb7 11.Na3 b4 12.Nc4 exd4 13.cxd4 d5 14.exd5 Bxd5 15.dxc5 Bxc5
16.Bg5 Qc7 17.Ne3 Bxe3 18.Bxe3 Bxf3 19.gxf3 Ne5 20.Bd4 Rfe8 21.Rac1 Qa5 22.Bb3 Nc6
23.Be3 Nd4 24.Qd1 Nxb3 25.Qxb3 Qf5 26.Rc7 Re6 27.Rfc1 Ne8 28.R7c5 Rg6+ 29.Kf1 Qxf3
30.Qd5 Qh3+ 31.Ke2 Rb8 32.R5c4 h6 33.Rf4 Nf6 34.Qf5 Qxh2 35.Rc8+ Rxc8 36.Qxc8+ Kh7
37.Rxb4 Qh5+ 38.Kd2 Qa5 39.Qb7 Nd5  0-1

[Event "5th ch-EURw"]
[Site "Dresden GER"]
[Date "2004.03.27"]
[Round "7"]
[White "Djingarova,E"]
[Black "Jelica,M"]
[Result "1-0"]
[WhiteElo "2344"]
[BlackElo "2222"]

1.e4 c5 2.Nf3 d6 3.Bb5+ Bd7 4.Bxd7+ Qxd7 5.c4 Nc6 6.d4 cxd4 7.Nxd4 g6 8.Nc3 Bg7
9.Nde2 Nf6 10.f3 O-O 11.O-O Rfc8 12.Kh1 Qd8 13.Rb1 Rab8 14.Bg5 h6 15.Be3 a6
16.a4 Na5 17.b3 Nd7 18.Qd2 Ne5 19.Qa2 Nd7 20.Rfd1 b6 21.Rbc1 h5 22.Nd5 e6
23.Nb4 Nc5 24.Rb1 Qe7 25.Nc2 Nd7 26.Rd2 Ne5 27.Rbd1 Rd8 28.Ng1 Bf8 29.Nh3 Rd7
30.Bg5 f6 31.Be3 Qe8 32.Nd4 g5 33.f4 Ng4 34.Bg1 e5 35.b4 exd4 36.bxa5 Ne3
37.Bxe3 dxe3 38.Rd4 g4 39.Ng1 bxa5 40.c5+ Qf7 41.Qe2 Rb3 42.cxd6 Bh6 43.Rf1 Qe6
44.Qxa6 Bf8 45.e5 Rb2 46.Qd3 Rf2 47.Re1 fxe5 48.Qxe3 Qa2 49.fxe5 Rxg2 50.Ne2 Bh6
51.Qxh6 Rxe2 52.Qg6+ Rg7 53.Qe8+ Kh7 54.Qxh5+ Kg8 55.Rc1 Qe6 56.d7 Rf2 57.d8=Q+ Rf8
58.Qxf8+ Kxf8 59.Rd8+ Ke7 60.Qe8+  1-0

[Event "5th ch-EURw"]
[Site "Dresden GER"]
[Date "2004.03.27"]
[Round "7"]
[White "Kovalevskaya,E"]
[Black "Calzetta,M"]
[Result "1-0"]
[WhiteElo "2451"]
[BlackElo "2291"]

1.e4 c5 2.Nf3 d6 3.Bb5+ Bd7 4.Bxd7+ Qxd7 5.O-O g6 6.c3 Bg7 7.d4 Na6 8.Qe2 Nh6
9.d5 O-O 10.c4 b5 11.cxb5 Nc7 12.Nc3 Rfb8 13.a4 a6 14.bxa6 Rxa6 15.h3 e6
16.Rd1 Qe8 17.Bxh6 Bxh6 18.e5 Bg7 19.dxe6 Qxe6 20.Nd5 Ra7 21.Nxc7 Rxc7 22.Rxd6 Qb3
23.a5 Bf8 24.Re1 Ra7 25.a6 Rb6 26.Ng5 c4 27.e6 fxe6 28.Rd8 c3 29.Qf3 Qb4
30.bxc3 Qe7 31.Red1 Rbxa6 32.Nxh7 Kxh7 33.Qxf8 Qxf8 34.Rxf8 Rc6 35.Rf3 Kg7
36.Re1 Ra4 37.Re5 Rac4 38.Kh2 Ra4 39.Rb5 Ra7 40.Rg5 Re7 41.h4 e5 42.h5 e4
43.Rfg3  1-0

[Event "Copa ENTEL"]
[Site "Santiago CHI"]
[Date "2004.03.27"]
[Round "10"]
[White "Arancibia,E"]
[Black "Leitao,R"]
[Result "0-1"]
[WhiteElo "2405"]
[BlackElo "2566"]

1.e4 c5 2.Nf3 d6 3.Bb5+ Nc6 4.O-O Bd7 5.Re1 Nf6 6.c3 a6 7.Bf1 Bg4 8.d3 e6
9.Nbd2 Be7 10.h3 Bh5 11.g4 Bg6 12.Nh4 Nd7 13.Ng2 e5 14.f4 exf4 15.Nxf4 Nde5
16.Nf3 O-O 17.Be3 b5 18.Bg2 Rb8 19.a3 a5 20.Nxe5 Nxe5 21.b3 Bg5 22.d4 Nd7
23.Nd5 Bxe3+ 24.Rxe3 Re8 25.Qd2 Nf6 26.Rae1 cxd4 27.Nxf6+ Qxf6 28.cxd4 b4
29.a4 h6 30.e5 dxe5 31.dxe5 Qb6 32.Qd6 Qa7 33.Kh1 Rbd8 34.Qc6 Re6 35.Qb5 Rd2
36.Qc4 Qd7 37.R1e2 Rd1+ 38.Re1 Rd2 39.Qb5 Qd8 40.R1e2 Rd4 41.Re1 Kh7 42.Qc5 Rd2
43.R1e2  0-1

[Event "Bundesliga 2003-4"]
[Site "Baden Oos GER"]
[Date "2004.03.28"]
[Round "13"]
[White "Schmittdiel,E"]
[Black "Lutz,C"]
[Result "1/2-1/2"]
[WhiteElo "2483"]
[BlackElo "2597"]

1.e4 c5 2.Nf3 d6 3.Bb5+ Bd7 4.Bxd7+ Qxd7 5.O-O Nc6 6.d3 e6 7.c4 Nf6 8.Nc3 Be7
9.Bg5 O-O 10.Re1 Ne5 11.b3 a6 12.a4 b6 13.h3 Rfe8 14.Ra2 h6  1/2-1/2

[Event "Bundesliga 2003-4"]
[Site "Baden Oos GER"]
[Date "2004.03.28"]
[Round "13"]
[White "Glek,I"]
[Black "Huebner,R"]
[Result "1/2-1/2"]
[WhiteElo "2571"]
[BlackElo "2604"]

1.e4 c5 2.Nf3 d6 3.Bb5+ Bd7 4.Bxd7+ Qxd7 5.O-O Nf6 6.Re1 e6 7.d3 Be7 8.Nbd2 Nc6
9.Nf1 O-O 10.Ng3 b5 11.c3 Ne5 12.d4 Nxf3+ 13.Qxf3 cxd4 14.cxd4 Rac8 15.Re2 Rc7
16.Bf4 Rfc8 17.h3 Rc2 18.Rd1 R8c4 19.Qd3 Rxe2 20.Qxe2 a6 21.b3 Rc8 22.d5 g6
23.Bh6 Bf8 24.Bg5 Bg7 25.dxe6 Qxe6 26.Qd3 Rc6 27.Bf4 Bf8 28.Qd4 Nd7 29.Qd5 Qxd5
30.exd5 Rc2 31.Ne4 Rxa2 32.Rc1 f5 33.Nxd6 g5 34.Bh2 Rd2 35.Nxf5 Rxd5 36.g4 Nc5
37.b4 Ne6 38.Rc6 Nd4 39.Nxd4 Rxd4 40.Rxa6 Bxb4 41.Ra8+ Bf8 42.Be5 Rd1+ 43.Kg2 h6
44.Kf3  1/2-1/2

[Event "5th ch-EURw"]
[Site "Dresden GER"]
[Date "2004.03.30"]
[Round "9"]
[White "Sedina,E"]
[Black "Kosintseva,T"]
[Result "1/2-1/2"]
[WhiteElo "2393"]
[BlackElo "2447"]

1.e4 c5 2.Nf3 d6 3.Bb5+ Bd7 4.Bxd7+ Qxd7 5.O-O Nf6 6.e5 dxe5 7.Nxe5 Qc8 8.Qf3 Nbd7
9.Nc4 e6 10.Nc3 Nb6 11.d3 Nxc4 12.dxc4 Be7 13.Bf4 O-O 14.Rad1 Rd8 15.Rxd8+ Bxd8
16.Nb5 Ne8 17.Rd1 Be7 18.h3 a6 19.Nd6 Nxd6 20.Bxd6 Bf6 21.c3 a5 22.Rd3 a4
23.Qd1 g6 24.Qf3 Bg7 25.Be7 Qc7 26.Bf6 Rf8 27.h4 h5 28.g3 Bxf6 29.Qxf6 Qb6
30.Rd7 Qa6 31.Qf4 a3 32.b3 Qa5 33.Qe5 Qb6 34.Rd6 Qc7 35.Rxe6 Qd7 36.Rd6 Qg4
37.Qxc5 Re8 38.Qd4 Qe2 39.Qd1 Qe7 40.Rd7 Qf6 41.Kg2 b6 42.Rd6 Qf5 43.Qd4 Qc2
44.Qd2 Qe4+ 45.Kh2 Qb1 46.Rd8 Rxd8 47.Qxd8+ Kh7 48.Qxb6 Qxa2 49.Qf6 Qxb3
50.Qxf7+ Kh8 51.Qf8+ Kh7 52.Qf7+ Kh8 53.Qxg6 Qa2 54.Qxh5+ Kg8 55.Qg6+ Kf8
56.Qd6+ Ke8 57.Qc6+ Ke7 58.Qc7+ Ke8 59.Qc8+ Ke7  1/2-1/2

[Event "5th ch-EURw"]
[Site "Dresden GER"]
[Date "2004.03.30"]
[Round "9"]
[White "Makropoulou,M"]
[Black "Czaeczine,A"]
[Result "1/2-1/2"]
[WhiteElo "2244"]
[BlackElo "2153"]

1.e4 c5 2.Nf3 d6 3.Bb5+ Nd7 4.c3 Nf6 5.Qe2 a6 6.Ba4 e6 7.O-O b5 8.Bc2 c4
9.b3 Qc7 10.bxc4 bxc4 11.Na3 Nb6 12.Rb1 Nfd7 13.Ne1 Be7 14.Kh1 O-O 15.d4 cxd3
16.Qxd3 e5 17.f4 Bb7 18.f5 Nf6 19.Qe3 Nbd7 20.Nf3 Nc5 21.Nd2 d5 22.exd5 Nxd5
23.Qg3 Bf6 24.Ne4 Nxe4 25.Bxe4 Rab8 26.c4 Nf4 27.Rxb7 Rxb7 28.Bxb7 Qxb7 29.Bxf4 exf4
30.Qxf4 Qb2 31.Nb1 h6 32.Qd2 Rb8 33.Qxb2 Rxb2 34.a3 Rc2 35.g3 Kf8 36.Rd1 Rxc4
37.Kg2 Rc2+ 38.Kh3 h5 39.Nd2 Be7 40.Ne4 Rc4 41.Nd6 Rc6 42.Ne4 Rc4 43.Nd6 Rc3
44.a4 Rc6 45.Nb7 Rc7 46.Rb1 g6 47.fxg6 fxg6 48.Rb6 Rd7 49.Na5 Rd6 50.Rxd6 Bxd6
51.Nc4 Bc7 52.Kg2 Ke7 53.Kf3 Ke6 54.Ke4 h4 55.gxh4 Bxh2 56.Nd2 Bg3 57.Nf3 Kf6
58.h5 gxh5 59.Nd4 h4 60.Nc6 Be1 61.Nb8 a5 62.Kf3 h3 63.Nc6 Kg5 64.Nxa5 Bxa5
65.Kg3  1/2-1/2

[Event "5th ch-EURw"]
[Site "Dresden GER"]
[Date "2004.04.01"]
[Round "11"]
[White "Zimina,O"]
[Black "Dworakowska,J"]
[Result "1-0"]
[WhiteElo "2408"]
[BlackElo "2370"]

1.e4 c5 2.Nf3 d6 3.Bb5+ Nc6 4.O-O Bd7 5.Re1 a6 6.Bxc6 Bxc6 7.d4 cxd4 8.Nxd4 e5
9.Nxc6 bxc6 10.Na3 Ne7 11.Nc4 Nc8 12.f4 f6 13.Kh1 Be7 14.Qh5+ g6 15.Qh6 Bf8
16.Qh4 Bg7 17.fxe5 dxe5 18.b3 Nd6 19.Rd1 Nxc4 20.Rxd8+ Rxd8 21.Bh6 Bxh6 22.Qxf6 Kd7
23.Qf7+ Kc8 24.bxc4 Rd7 25.Qf6 Rf8 26.Qxc6+ Kd8 27.Rb1 Be3 28.c5 Ke7 29.g3 Rf6
30.Qc8 Rf8 31.Qxa6 Bxc5 32.Qc6 Be3 33.Qc3 Bd4 34.Qa3+ Rd6 35.Rb7+ Ke6 36.Qb3+ Kf6
37.Qf3+  1-0

[Event "TCh-FRA Nat1 GpB"]
[Site "Montpellier FRA"]
[Date "2004.04.01"]
[Round "4"]
[White "Marciano,D"]
[Black "Templier,N"]
[Result "1-0"]
[WhiteElo "2514"]
[BlackElo "2281"]

1.e4 c5 2.Nf3 d6 3.Bb5+ Bd7 4.Bxd7+ Nxd7 5.O-O Ngf6 6.Qe2 e6 7.c4 Be7 8.b3 a6
9.Bb2 O-O 10.Nc3 Qa5 11.d4 cxd4 12.Nxd4 Rfc8 13.Kh1 Bf8 14.Rac1 d5 15.cxd5 exd5
16.e5 Ne4 17.Nxe4 dxe4 18.e6 Nf6 19.exf7+ Kxf7 20.f3 Rxc1 21.Bxc1 Qd5 22.fxe4 Qxd4
23.Bb2 Qb6 24.e5 Be7 25.Qh5+ Kg8 26.exf6 gxf6 27.Qd5+ Kf8 28.Qg5 Qb5 29.Qh6+ Ke8
30.Qf4 Rd8 31.Bxf6 Bxf6 32.Qxf6 Qd5 33.h3 Kd7 34.Qf7+ Kc6 35.Rf6+ Rd6 36.Qxd5+  1-0

[Event "77th ch-city"]
[Site "St Petersburg RUS"]
[Date "2004.04.01"]
[Round "1"]
[White "Matlakov,M"]
[Black "Loginov,Va"]
[Result "1/2-1/2"]
[WhiteElo "2346"]
[BlackElo "2516"]

1.e4 c5 2.Nf3 d6 3.Bb5+ Bd7 4.Bxd7+ Qxd7 5.c4 Nc6 6.d4 cxd4 7.Nxd4 g6 8.Be3 Bg7
9.Nc3 Nf6 10.f3 O-O 11.O-O Rfc8 12.b3 a6 13.Nd5 Nxd5 14.exd5 Nxd4 15.Bxd4 Bxd4+
16.Qxd4 b5 17.Rfc1 Qa7 18.Qxa7 Rxa7 19.Rc3 bxc4 20.Rac1 Rb7 21.Kf2 Rc5 22.bxc4 Ra5
23.R1c2 Kf8 24.Ke2 Rb1 25.Rb3 Rxa2 26.Rxa2 Rxb3 27.Rxa6 Rb2+ 28.Kf1 Rc2 29.Ra8+ Kg7
30.Rc8 g5 31.Rc7 Kf6 32.Kg1 h5 33.g3 h4 34.gxh4 gxh4 35.h3 Rd2 36.Rc8 Kf5
37.Rc7 Kf4 38.Rxe7 f5 39.Re6 Rc2 40.Rxd6 Rxc4 41.Rc6 Rd4 42.Kf2 Rd2+ 43.Ke1 Rxd5
44.Ke2 Ra5 45.Rb6 Ra2+ 46.Kf1 Kg3 47.Rg6+ Kxf3 48.Kg1 f4 49.Rg4 Ke3 50.Rg8 Re2
51.Ra8 Kf3 52.Rg8 Re1+ 53.Kh2 Re7 54.Kg1 Re4 55.Rg4 Re1+ 56.Kh2 Ke3 57.Rg8 f3
58.Rf8 Re2+ 59.Kg1 Rd2 60.Rf7 Rd1+ 61.Kh2 Rd3 62.Kg1 Ke2 63.Rf8 Re3 64.Rf7 Re8
65.Rf6 Rg8+ 66.Kh2 Kf2 67.Rf7 Rg2+ 68.Kh1 Rg3 69.Kh2 Ke2 70.Re7+ Kf1 71.Rf7 Rg2+
72.Kh1 Kf2 73.Rxf3+  1/2-1/2

[Event "77th ch-city"]
[Site "St Petersburg RUS"]
[Date "2004.04.01"]
[Round "1"]
[White "Matlakov,M"]
[Black "Loginov,Va"]
[Result "1/2-1/2"]
[WhiteElo "2346"]
[BlackElo "2516"]

1.e4 c5 2.Nf3 d6 3.Bb5+ Bd7 4.Bxd7+ Qxd7 5.c4 Nc6 6.d4 cxd4 7.Nxd4 g6 8.Be3 Bg7
9.Nc3 Nf6 10.f3 O-O 11.O-O Rfc8 12.b3 a6 13.Nd5 Nxd5 14.exd5 Nxd4 15.Bxd4 Bxd4+
16.Qxd4 b5 17.Rfc1 Qa7 18.Qxa7 Rxa7 19.Rc3 bxc4 20.Rac1 Rb7 21.Kf2 Rc5 22.bxc4 Ra5
23.R1c2 Kf8 24.Ke2 Rb1 25.Rb3 Rxa2 26.Rxa2 Rxb3 27.Rxa6 Rb2+ 28.Kf1 Rc2 29.Ra8+ Kg7
30.Rc8 g5 31.Rc7 Kf6 32.Kg1 h5 33.g3 h4 34.gxh4 gxh4 35.h3 Rd2 36.Rc8 Kf5
37.Rc7 Kf4 38.Rxe7 f5 39.Re6 Rc2 40.Rxd6 Rxc4 41.Rc6 Rd4 42.Kf2 Rd2+ 43.Ke1 Rxd5
44.Ke2 Ra5 45.Rb6 Ra2+ 46.Kf1 Kg3 47.Rg6+ Kxf3 48.Kg1 f4 49.Rg4 Ke3 50.Rg8 Re2
51.Ra8 Kf3 52.Rg8 Re1+ 53.Kh2 Re7 54.Kg1 Re4 55.Rg4 Re1+ 56.Kh2 Ke3 57.Rg8 f3
58.Rf8 Re2+ 59.Kg1 Rd2 60.Rf7 Rd1+ 61.Kh2 Rd3 62.Kg1 Ke2 63.Rf8 Re3 64.Rf7 Re8
65.Rf6 Rg8+ 66.Kh2 Kf2 67.Rf7 Rg2+ 68.Kh1 Rg3 69.Kh2 Kf1 70.Rxf3+  1/2-1/2

[Event "5th ch-EURw"]
[Site "Dresden GER"]
[Date "2004.04.02"]
[Round "12"]
[White "Hamelink,D"]
[Black "Smokina,K"]
[Result "1/2-1/2"]
[WhiteElo "2185"]
[BlackElo "2278"]

1.e4 c5 2.Nf3 d6 3.Bb5+ Nd7 4.d4 Nf6 5.Nc3 cxd4 6.Qxd4 a6 7.Bxd7+ Bxd7 8.Bg5 e6
9.e5 dxe5 10.Nxe5 Bc6 11.Nxc6 bxc6 12.Bxf6 gxf6 13.Rd1 Qxd4 14.Rxd4 c5 15.Ra4 Be7
16.O-O O-O 17.Rd1 f5 18.Kf1 Bf6 19.Rc4 Rfb8 20.b3 Be7 21.Rd7 Kf8 22.a3 Rd8
23.Rxd8+ Rxd8 24.Na4 Rd4 25.Rc3 Rd1+ 26.Ke2 Ra1 27.Nxc5 Rxa3 28.Na4 Ra1 29.Rc8+ Kg7
30.Ra8 Rc1 31.c4 Rb1 32.Ra7 Bb4 33.c5 e5 34.f3 e4 35.fxe4 fxe4 36.c6 Re1+
37.Kf2 Rc1 38.Rxa6 Bd6 39.Ke3 f5 40.g3 h5 41.Kd2 Rh1 42.Ra7+ Kg6 43.c7 Rxh2+
44.Kd1 Bxc7 45.Rxc7 h4 46.gxh4 Rxh4 47.Nc3 Kg5 48.Rg7+ Kf4 49.Ne2+ Ke3 50.Ng3 Kd3
51.Rd7+ Kc3 52.Nxf5 Rh1+ 53.Ke2 Kxb3 54.Ng3 Rh3 55.Nxe4 Kc4 56.Ng5 Ra3 57.Ne4 Rh3
58.Nd2+ Kc5 59.Nf3 Rh1 60.Kd3 Ra1 61.Ke4 Ra2 62.Nd2 Kc6 63.Rd5 Rc2 64.Rd8 Kc7
65.Rd4 Rc5 66.Nc4 Rh5 67.Rd3 Kc6 68.Ne5+ Kc5 69.Rc3+ Kb5 70.Kd5 Rh4 71.Rc8 Rh6
72.Rc5+ Kb4 73.Nc6+ Kb3 74.Nd4+ Kb2 75.Kc4 Rh4 76.Rg5 Kc1 77.Rg3 Kd2 78.Rd3+ Ke1
79.Kc3 Kf1 80.Re3 Rf4 81.Kd3 Kg2 82.Ne2 Rf3 83.Rxf3 Kxf3  1/2-1/2

[Event "5th ch-EURw"]
[Site "Dresden GER"]
[Date "2004.04.02"]
[Round "12"]
[White "Peptan,C"]
[Black "Dzagnidze,N"]
[Result "0-1"]
[WhiteElo "2439"]
[BlackElo "2459"]

1.e4 c5 2.Nf3 d6 3.Bb5+ Nd7 4.d4 cxd4 5.Qxd4 a6 6.Bxd7+ Bxd7 7.O-O h6 8.Nc3 e5
9.Qd3 Nf6 10.Nd2 Rc8 11.Nc4 Be6 12.Ne3 Qc7 13.Rd1 Be7 14.Bd2 O-O 15.Rac1 Kh8
16.Be1 Bc4 17.Qd2 Be6 18.Kh1 Qc6 19.f3 Nh5 20.Bf2 Nf4 21.Qe1 f5 22.exf5 Bxf5
23.Nxf5 Rxf5 24.Qe4 Rcf8 25.Nd5 Bg5 26.Be3 Ne6 27.c4 Qe8 28.Rf1 Nd4 29.Rcd1 Bxe3
30.Qxe3 Qf7 31.Qe4 b5 32.cxb5 axb5 33.Rc1 Ne6 34.Ne3 Rf4 35.Qc6 e4 36.Qxd6 exf3
37.g3 Rd4 38.Qc6 Rd2 39.Qc3 Re2 40.Rce1 Qb7 41.Rc1 Rxe3 42.Qc6 Qxc6 43.Rxc6 Re2
44.b3 Rd8  0-1

[Event "2nd Western Pacific Open"]
[Site "Burbank USA"]
[Date "2004.04.03"]
[Round "2"]
[White "Ganbold,O"]
[Black "Banawa,J"]
[Result "1-0"]
[WhiteElo "2406"]
[BlackElo "2310"]

1.e4 c5 2.Nf3 d6 3.Bb5+ Bd7 4.Bxd7+ Nxd7 5.O-O Ngf6 6.d3 e6 7.c4 Be7 8.Nc3 O-O
9.d4 cxd4 10.Nxd4 a6 11.b3 Rc8 12.Bb2 Qb6 13.Qe2 Rfe8 14.Rfd1 Ne5 15.h3 Ng6
16.Qd2 Red8 17.Qe3 Re8 18.Nf5 Qxe3 19.Nxe7+ Rxe7 20.fxe3 Rc6 21.Rd2 Rec7
22.Rad1 Ne8 23.Ba3 b5 24.Bxd6 Nxd6 25.Rxd6 bxc4 26.Rd8+ Nf8 27.b4 f6 28.a4 Rc8
29.b5 axb5 30.axb5 R6c7 31.b6 Rxd8 32.bxc7 Rc8 33.Nb5 c3 34.Rc1 e5 35.Rxc3 Ne6
36.Rc6 Nxc7 37.Rxc7 Rd8 38.Kf2 h5 39.Nc3 Rd2+ 40.Kf3 Kh7 41.Nd5 Kh6 42.h4 f5
43.g3 g6 44.Nf6 g5 45.exf5 gxh4 46.Rh7+  1-0

[Event "TCh-CZE Extraliga 2003-4"]
[Site "Czech Rep CZE"]
[Date "2004.04.03"]
[Round "10"]
[White "Nun,Ji"]
[Black "Babula,V"]
[Result "1/2-1/2"]
[WhiteElo "2355"]
[BlackElo "2594"]

1.e4 c5 2.Nf3 d6 3.Bb5+ Nd7 4.O-O a6 5.Bxd7+ Bxd7 6.d4 cxd4 7.Nxd4 Nf6 8.Nc3 g6
9.Bg5 Bg7 10.Re1 h6 11.Bh4 Rc8 12.Qd2 Qb6 13.Nb3 Be6 14.Nd5 Bxd5 15.exd5 Qb5
16.Bxf6 Bxf6 17.c3 a5 18.Re4 O-O 19.Rd1 h5 20.Nc1 Rc4 21.Qe2 Rc5 22.c4 Qd7
23.Nb3 Rc7 24.Nd4 Bxd4 25.Rexd4 Rb8 26.Re4 a4 27.Re1 b5 28.b3 axb3 29.axb3 bxc4  1/2-1/2

[Event "TCh-CZE Extraliga 2003-4"]
[Site "Czech Rep CZE"]
[Date "2004.04.03"]
[Round "10"]
[White "Rasik,V"]
[Black "Jaworski,Mi"]
[Result "1/2-1/2"]
[WhiteElo "2472"]
[BlackElo "2387"]

1.e4 c5 2.Nf3 d6 3.Bb5+ Bd7 4.Bc4 Nc6 5.O-O Nf6 6.Re1 e6 7.c3 Be7 8.Bf1 O-O
9.d4 cxd4 10.cxd4 d5 11.e5 Ne4 12.Nbd2 Nxd2 13.Bxd2 Qb6  1/2-1/2

[Event "TCh-FRA Nat1 GpB"]
[Site "Montpellier FRA"]
[Date "2004.04.03"]
[Round "6"]
[White "Miralles,G"]
[Black "Relange,E"]
[Result "1/2-1/2"]
[WhiteElo "2450"]
[BlackElo "2505"]

1.e4 c5 2.Nf3 d6 3.Bb5+ Bd7 4.Bxd7+ Qxd7 5.c4 g6 6.d4 cxd4 7.Nxd4 Bg7 8.Nc3 Nc6
9.Be3 Nf6 10.f3 O-O 11.O-O a6 12.Rc1 e6 13.Rf2 Ne5 14.Na4 Rad8 15.Rd2 d5
16.cxd5 exd5 17.Ne2 b5 18.Nb6 Qb7 19.Bc5 Bh6 20.Nxd5 Nxd5 21.Bxf8 Bxd2 22.Qxd2 Kxf8
23.exd5  1/2-1/2

[Event "V Millennium Festival"]
[Site "Virginia Beach USA"]
[Date "2004.04.03"]
[Round "2"]
[White "Daftani,M"]
[Black "Kaufman,La"]
[Result "0-1"]
[WhiteElo "2156"]
[BlackElo "2387"]

1.e4 c5 2.Nf3 d6 3.Bb5+ Bd7 4.Bxd7+ Qxd7 5.O-O Nf6 6.Re1 Nc6 7.c3 e6 8.d3 Be7
9.Bg5 O-O 10.Nbd2 Rfd8 11.Nf1 Rac8 12.h3 b5 13.Ng3 Ne8 14.Qd2 d5 15.e5 d4
16.Rad1 dxc3 17.bxc3 b4 18.c4 Bxg5 19.Qxg5 Qe7 20.Qg4 Rd7 21.d4 cxd4 22.Nxd4 Nxd4
23.Rxd4 Rxd4 24.Qxd4 Rd8 25.Qe3 Qc7 26.Rc1 a5 27.c5 Rd5 28.f4 Qd8 29.Rc2 Rd3
30.Qf2 Rxg3 31.c6 Rc3 32.Rd2 Qc7 33.f5 Rc1+ 34.Kh2 Qxe5+ 35.g3 Qxf5  0-1